000 00678nam a2200193 i 4500
001 84679
003 ES-MaACL
005 20230906175051.0
007 t|
008 041123s1967 sp ||||1| spa d
100 1 _aJansen, André.
_966056
245 1 0 _aEnrique Larreta :
_bnovelista hispano-argentino, 1873-1961 /
_cAndré Jansen ; prólogo de Arturo Berenguer Carisomo ; traducción, Fernando Murillo Rubiera.
260 _aMadrid :
_bCultura Hispánica,
_c1967.
300 _a350 p., 10 lám. ;
_c21 cm.
600 1 4 _aLarreta, Enrique.
_970347
700 1 _aBerenguer Carisomo, Arturo.
_927894
700 1 _aMurillo Rubiera, Fernando.
_984594
852 _aES-MaACL
_jG-4127
999 _c84679
_d84679